000 02403cam a22005294i 4500
003 PE-LiUPU
005 20250731184537.0
008 180222s2012 gs rb 001 0 eng d
020 _a9781589836402
035 _a(Sirsi) a241360
040 _aPE-LiUPU
_bspa
_cPE-LiUPU
_erda
049 _aPRUA
082 0 4 _a933.4903
_bF28
_220
100 1 _aFaust, Avraham,
_eautor.
245 1 0 _aJudah in the neo-Babylonian period :
_bthe archaeology of desolation /
_cby Avraham Faust.
264 1 _aAtlanta, Georgia :
_bSociety of Biblical Literature,
_c2012.
300 _axiv, 302 páginas ;
_c23 centímetros.
336 _atext
_2rdacontent
337 _aunmediated
_2rdamedia
338 _avolume
_2rdacarrier
490 0 _aSociety of Biblical Literature Archaeology and biblical studies ;
_v18
504 _aBibliografía : páginas 255-290.
504 _aÍndice : páginas 298-302.
505 0 _aThe end of the Iron Age in Judah: primary archeological data -- Judah in the sixth to second century B.C.E.: a rural perspective -- Greek imports and the neo-Babylonian period -- Social and cultural changes in Judah: the iron age to the Persian period -- Settlement and demography in Judah: the seventh to second centuries B.C.E -- The Babylonian destruction in context: Nebuchadnezzar and Sennacherib compared -- Sixth-century Judah as a post-collapse society -- Consequences of destruction: the continuity theory revisited -- The land of Benjamin revisited -- Life in Judah in the sixth century B.C.E -- Judah in the sixth century B.C.E.: summary and conclusions.
526 _aP136
526 _aP135
526 _aP134
526 _aP133
526 _aP144
526 _aP143
526 _aP87
526 _aP35
526 _aP20
526 _aP14
526 _aP10
526 _aP06
650 0 4 _aJudíos en cautiverio babilónico (598 - 515 a. C.)
650 0 4 _aAntigüedades de Palestina.
650 0 4 _aJews in Babylonian captivity (598 - 515 B.C.)
650 0 4 _aPalestine Antiquities.
910 _adbm
_bncf
_cncf
_d20180222
942 _2ddc
_cBOOK
994 _aC0
_bPEPRU
596 _a1
999 _a933.4903 F28
_wDEWEY
_c27001
_i78294
_f2021-11-11
_g4
_lCCODEBUL1
_mBUL
_p30.62
_r0
_sY
_tBOOK
_u2018-2-22
_xTEOLOGIA
_PP85
_0COMPRA
_o.STAFF. Colección Teología
_d27001
980 _81
_gALBERTO SANCHEZ Responsable de Automatización